Statistics for US States along the Atlantic and Gulf Coast - 45 Second Sprint

Click here to take the quiz!

General Stats

  • This quiz has been taken 21 times
  • The average score is 12 of 18

Answer Stats

state% Correct
Maine
100%
Massachusetts
88%
Rhode Island
88%
New Hampshire
82%
New York
82%
Connecticut
76%
New Jersey
76%
Delaware
71%
Maryland
59%
North Carolina
59%
Alabama
53%
Florida
53%
Georgia
53%
South Carolina
53%
Virginia
53%
Louisiana
47%
Mississippi
47%
Texas
41%

Score Distribution

Percentile by Number Answered

Percent of People with Each Score

Your Score History

You have not taken this quiz